Statistics for (Harder) Improved Family Guy Theme Song Lyrics

Click here to take the quiz!

General Stats

  • This quiz has been taken 140 times
  • The average score is 36 of 55

Answer Stats

HintAnswer% Correct
1It
100%
2seems
99%
3today
99%
5all
97%
4that
97%
8is
96%
7see
96%
6you
96%
12and
92%
11movies
92%
14on
92%
13sex
92%
9violence
92%
16but
91%
10in
91%
15tv
91%
17where
87%
18are
86%
21old
83%
23values
83%
20good
82%
19those
79%
22fashioned
77%
24on
77%
26we
74%
25which
74%
28to
73%
27used
73%
29rely
71%
32a
62%
30Lucky
62%
31there's
60%
33family
56%
34guy
56%
37a
47%
35Lucky
47%
38man
46%
36there's
46%
39who
46%
41can
40%
40positively
40%
43all
37%
42do
37%
44the
37%
45things
35%
46that
32%
47make
31%
48us
29%
52He's
27%
49laugh
27%
53a
26%
50and
26%
51cry
26%
54family
23%
55guy
22%

Score Distribution

Percentile by Number Answered

Percent of People with Each Score

Your Score History

You have not taken this quiz